The principels and precedents of the art of cross examination : (Record no. 134599)
[ view plain ]
| 000 -LEADER | |
|---|---|
| fixed length control field | 00828nam a22002537a 4500 |
| 005 - DATE AND TIME OF LATEST TRANSACTION | |
| control field | 20170124110230.0 |
| 010 ## - LIBRARY OF CONGRESS CONTROL NUMBER | |
| LC control number | A-949887 |
| 020 ## - INTERNATIONAL STANDARD BOOK NUMBER | |
| Terms of availability | 00.00 |
| International Standard Book Number | 8187031131 |
| 035 ## - SYSTEM CONTROL NUMBER | |
| System control number | A-949887 |
| 037 ## - SOURCE OF ACQUISITION | |
| Source of stock number/acquisition | Cen Lib/Ret |
| 040 ## - CATALOGING SOURCE | |
| Original cataloging agency | DPL |
| Language of cataloging | EN |
| 082 ## - DEWEY DECIMAL CLASSIFICATION NUMBER | |
| Classification number | 347.075 |
| Item number | AIY |
| 100 ## - MAIN ENTRY--PERSONAL NAME | |
| Personal name | Aiyar, P. Ramanathan |
| 9 (RLIN) | 41191 |
| 245 ## - TITLE STATEMENT | |
| Title | The principels and precedents of the art of cross examination : |
| Statement of responsibility, etc | by P. Ramanathan Aiyar [and] P. Raghava Aiyar |
| Remainder of title | civil and criminal / |
| 250 ## - EDITION STATEMENT | |
| Edition statement | 9th ed |
| 260 ## - PUBLICATION, DISTRIBUTION, ETC. (IMPRINT) | |
| Place of publication, distribution, etc | Allahbad |
| Name of publisher, distributor, etc | The Law Book Co. |
| Date of publication, distribution, etc | 1998 |
| 270 ## - ADDRESS | |
| Address | 1-004, Sardar Patel Marg |
| City | Allahbad |
| Postal code | 211001 |
| 300 ## - PHYSICAL DESCRIPTION | |
| Extent | cxxxv,1199p. |
| Dimensions | 24cm(Hb) |
| 500 ## - GENERAL NOTE | |
| General note | Includes index |
| 650 ## - SUBJECT ADDED ENTRY--TOPICAL TERM | |
| Topical term or geographic name as entry element | Cross-examination |
| 9 (RLIN) | 41192 |
| 650 ## - SUBJECT ADDED ENTRY--TOPICAL TERM | |
| Topical term or geographic name as entry element | United States |
| 9 (RLIN) | 41193 |
| 700 ## - ADDED ENTRY--PERSONAL NAME | |
| Personal name | Aiyar, P. Raghava |
| 9 (RLIN) | 32298 |
| 942 ## - ADDED ENTRY ELEMENTS (KOHA) | |
| Source of classification or shelving scheme | Dewey Decimal Classification |
| Koha item type | English Books |
| Classification part | 347.075 |
| Call number suffix | AIY |
| Withdrawn status | Lost status | Damaged status | Not for loan | Collection code | Home library | Current library | Date acquired | Source of acquisition | Cost, normal purchase price | Total Checkouts | Full call number | Barcode | Date last seen | Copy number | Cost, replacement price | Price effective from | Koha item type |
|---|---|---|---|---|---|---|---|---|---|---|---|---|---|---|---|---|---|
| Not For Loan | Reference | Central Library | Central Library | 30/07/2015 | Cen Lib/Ret | 0.00 | 347.075 AIY | A-949887 | 30/07/2015 | 1 | 0.00 | 30/07/2015 | English Books |
